Waterscapes (Record no. 3401)

MARC details
000 -LEADER
fixed length control field 00877 a2200217 4500
008 - FIXED-LENGTH DATA ELEMENTS--GENERAL INFORMATION
fixed length control field 090324t xxu||||| |||| 00| 0 eng d
010 ## - LCCN (DPL NO)
LC control number ENG-85764
020 ## - INTERNATIONAL STANDARD BOOK NUMBER
International Standard Book Number 8178241765
Terms of availability 695.00
035 ## - SYSTEM CONTROL NUMBER
System control number EN-69297
037 ## - SOURCE OF ACQUISITION
Source of stock number/acquisition D.B.Act / ven
082 ## - DEWEY DECIMAL CLASSIFICATION NUMBER
Classification number 333.91
245 ## - TITLE STATEMENT
Title Waterscapes
Remainder of title the cultural politics of a natural resource
Statement of responsibility, etc edited by Amita Baviskar
260 ## - PUBLICATION, DISTRIBUTION, ETC. (IMPRINT)
Place of publication, distribution, etc Ranikhet
Name of publisher, distributor, etc Permanent Black
Date of publication, distribution, etc 2007
260 ## - PUBLICATION, DISTRIBUTION, ETC. (IMPRINT)
Place of publication, distribution, etc New Delhi
Name of publisher, distributor, etc Orient Longman, (Vendor)
270 ## - ADDRESS
Address 'Himalaya', Mall Road, Ranikhet Cantt, Ranikhet,
City Ranikhet
State or province Uttaranchal
300 ## - PHYSICAL DESCRIPTION
Extent xi, 374 p.
Dimensions 22cm.(Hb)
500 ## - GENERAL NOTE
General note Includes bibliographical references
700 ## - ADDED ENTRY--PERSONAL NAME
Personal name Baviskar, Amita
942 ## - ADDED ENTRY ELEMENTS (KOHA)
Institution code [OBSOLETE] dpl
Item type English Books
Source of classification or shelving scheme Dewey Decimal Classification
Classification part 333.91
Call number suffix WAT
Holdings
Withdrawn status Lost status Source of classification or shelving scheme Damaged status Not for loan Home library Current library Date acquired Cost, normal purchase price Total Checkouts Full call number Barcode Date last seen Cost, replacement price Koha item type
    Dewey Decimal Classification     D.B.Act.Division D.B.Act.Division   695.00   333.91 WAT EN-69297 15/09/2008 695.00 English Books

© Delhi Public Library
Hit Counter
free hit counter